Makan Khud Banwayen (Record no. 565279)

000 -LEADER
fixed length control field 00293nam a2200109Ia 4500
008 - FIXED-LENGTH DATA ELEMENTS--GENERAL INFORMATION
fixed length control field 210430s9999 xx 000 0 und d
082 ## - DEWEY DECIMAL CLASSIFICATION NUMBER
Classification number 747 Q95M
100 ## - MAIN ENTRY--PERSONAL NAME
Personal name Engr. Sharf Ud Din Qureshi
9 (RLIN) 54641
245 ## - TITLE STATEMENT
Title Makan Khud Banwayen
Statement of responsibility, etc. Engr. Sharf Ud Din Qureshi
300 ## - PHYSICAL DESCRIPTION
Extent 192
942 ## - ADDED ENTRY ELEMENTS (KOHA)
Koha item type Book
Source of classification or shelving scheme
Holdings
Withdrawn status Lost status Damaged status Not for loan Collection code Permanent Location Current Location Shelving location Date acquired Total Checkouts Full call number Barcode Date last seen Price effective from Koha item type
          School of Chemical & Materials Engineering (SCME) School of Chemical & Materials Engineering (SCME) General Stacks 06/15/4   747 Q95M SCME-4569 04/30/2021 04/30/2021 Book
© 2023 Central Library, National University of Sciences and Technology. All Rights Reserved.